Đặng Thai Mai tác phẩm

Wedi'i Gadw mewn:
Manylion Llyfryddiaeth
Prif Awdur: Đặng Thai Mai
Fformat: Llyfr
Tagiau: Ychwanegu Tag
Dim Tagiau, Byddwch y cyntaf i dagio'r cofnod hwn!
Thư viện lưu trữ: Mạng thư viện Đại học Đà Nẵng
LEADER 00489nam a2200193 4500
001 000014326
003 10689
005 20150812150808.0
008 120425s sd
100 0 |a Đặng Thai Mai 
245 0 0 |a Đặng Thai Mai tác phẩm  |c Đặng Thai Mai 
OWN |a LSP 
999 |a From the UDN01 
TYP |a Monograph 
TYP |a Printed language 
980 |a Mạng thư viện Đại học Đà Nẵng